10 Maiores Bilheterias da Marvel - Statistics

Estatísticas Gerais
  • Esse quiz foi jogado 548 vezes
  • A pontuação média é 6 de 10
Estatísticas das Respostas
Hint Resposta % Correto
4 Os Vingadores
99%
1 Vingadores: Ultimato
89%
2 Vingadores: Guerra Infinita
82%
8 Capitão América: Guerra Civil
59%
5 Vingadores:Era de Ultron
57%
6 Pantera Negra
56%
7 Homem de Ferro 3
52%
3 Homem Aranha: Sem volta pra Casa
39%
9 Homem Aranha: Longe de Casa
36%
10 Capitã Marvel
33%
Nenhum quiz correspondente encontrado
Distribuição das Pontuações
Porcentagem de Pessoas com Cada Pontuação
Percentil de Números Respondidos
Sua Pontuação Histórica
Você não jogou esse quiz